Statistics for Every Ashanti song that hit the Billboard hot 100

Click here to take the quiz!

General Stats

  • This quiz has been taken 21 times
  • The average score is 8 of 16

Answer Stats

Peak Chart PositionYearSong% Correct
12002Foolish
100%
22003Rock Wit U (Awww Baby)
85%
152002Baby
77%
12002Always On Time
69%
82002Happy
69%
72003Rain On Me
69%
22002What's Luv?
62%
22003Mesmerize
54%
132005Only U
54%
422008Body On Me
46%
372008The Way That I Love You
38%
52004Wonderful
31%
62002Down 4 U
23%
242004Southside
23%
42003Into You
15%
962009Want It, Need It
15%

Score Distribution

Percentile by Number Answered

Percent of People with Each Score

Your Score History

You have not taken this quiz